Cinco horas con Mario

Shranjeno v:
Bibliografske podrobnosti
Glavni avtor: Delibes, Miguel (Author)
Format: Knjiga
Jezik:španščina
Izdano: Barcelona Destino 1978
Izdaja:14a. ed
Serija:Ancora y Delfín, 281
Teme:
Oznake: Označite
Brez oznak, prvi označite!

MARC

LEADER 00000nam a2200000 a 4500
001 UCR3472
003 CL-VaPUC
008 980124e19780000SP |||||||||||||||||spa|d
082 0 4 |a 863  |b DEL  |2 21 
100 0 |a Delibes, Miguel  |e author  |9 313774 
245 1 0 |a Cinco horas con Mario 
250 |a 14a. ed 
300 |a 296 p 
942 |c BK 
945 |d 19980124 00:00:00  |a aolguin 
260 |a Barcelona  |b Destino  |c 1978 
650 0 |a Novelas españolas  |9 265052 
650 0 |a Literatura española  |9 306261 
583 |a last modification  |c 19980124 00:00:00  |k Rodrigo Vera 
490 0 |a Ancora y Delfín, 281 
999 |c 266540  |d 266538 
952 |0 0  |1 0  |4 0  |6 863_000000000000000_DEL_1978  |7 0  |8 R  |9 298240  |a BIBEDU  |b BIBEDU  |d 2019-11-20  |i 1938541  |o 863 DEL 1978  |p 1938541  |r 2023-01-13  |w 2019-11-20  |y BK_R  |k LIT 
952 |0 0  |1 0  |4 0  |6 863_000000000000000_DEL_1978  |7 0  |8 R  |9 298241  |a BIBEDU  |b BIBEDU  |c MCIRC  |d 2019-11-20  |i 194374K  |o 863 DEL 1978  |p 194374K  |r 2023-01-13  |w 2019-11-20  |y BK_R  |k LIT